Vplyv zmien sadzby dane z príjmu fyzických osôb na výšku daňových príjmov štátneho rozpočtu
Vyčíslenie zmien sadzby dane z príjmu fyzických osôb na výšku daňových príjmov do štátneho rozpočtu za roky 1998 až 2000.
Salvato in:
| Autore principale: | |
|---|---|
| Natura: | Capitolo di libro |
| Lingua: | slovacco |
| Soggetti: | |
| Tags: |
Nessun Tag, puoi essere il primo ad aggiungerne!!
|
MARC
| LEADER | 00000naa a2200000 4500 | ||
|---|---|---|---|
| 001 | r048296 | ||
| 005 | 20231002115921.1 | ||
| 041 | 0 | |a slo | |
| 044 | |a SK | ||
| 245 | 1 | 0 | |a Vplyv zmien sadzby dane z príjmu fyzických osôb na výšku daňových príjmov štátneho rozpočtu |c Anna Harmaniaková |
| 520 | |a Vyčíslenie zmien sadzby dane z príjmu fyzických osôb na výšku daňových príjmov do štátneho rozpočtu za roky 1998 až 2000. | ||
| 610 | 2 | 0 | |a rozpočet štátny |
| 610 | 2 | 0 | |a príjmy rozpočtu štátneho |
| 610 | 2 | 0 | |a financie štátne |
| 610 | 2 | 0 | |a sadzby daňové |
| 610 | 2 | 0 | |a osoby fyzické |
| 610 | 2 | 0 | |a dane z príjmov |
| 610 | 2 | 0 | |a Slovensko |
| 100 | 1 | |a Harmaniaková, Anna | |